000 004530000a22001450004500
090 _aAR
_b04736
100 1 _aPorter, Calvin A.
_998864
700 1 _aThompson, Pamela
_998865
700 1 _aBlack, Hal L.
_998866
700 1 _aJorgensen, Clive D.
_998867
245 1 0 _aGenetic variability in a population of Paraponera clavata (Hymenoptera: Formicidae)
041 0 _aInglés
942 _cARTICULO
773 1 _tSouthwestern naturalist
_h3
_q381-385
_d1986
_g31
999 _c13836
_d13836